000 00834nam a2200253 i 4500
001 000045602
003 DO-SdBNP
005 20260428100502.0
007 ta
008 150416s2008 dr 000 0 spa d
040 _aDO-SdBNP
_bspa
_cBNPHU
_erda
082 4 _axxx
_bR426n
_222
110 2 _aRepública Dominicana.
_b[Leyes, etc.]
_911088
245 1 0 _aNormativas que fundamentan la política anticorrupción en la República Dominicana.
264 _aSanto Domingo :
_bCNECC,
_c2008.
300 _avolumen ;
_c23 cm.
336 _2rdacontent
_atexto
_btxt
337 _2rdamedia
_asin mediación
_bn
338 _2rdacarrier
_avolumen
_bnc
590 _aInventariado, 2023/BT
710 2 _aComisión Nacional de Etica y Combate a la Corrupción (CNECC), República Dominicana.
_973669
910 _aBtavárez
942 _2ddc
_cLBS1
999 _c45091
_d45091